Salasilah & fenomena alam semesta

Bibliographic Details
Main Author: Syed Mahadzir
Corporate Authors: Series, Title
Format: Book
Published: Selangor : PCT Sdn.Bhd. , 2004
Series:Siri maklumat intelektual
Subjects:

MARC

LEADER 00000cam a2200000 7i4500
001 0000014238
005 20170713.0
008 250208
020 |a 9832807018 
082 1 |a HIS   |b MAL 
090 0 0 |a 915.95   |b SYE 
100 0 |a Syed Mahadzir 
245 1 0 |a Salasilah & fenomena alam semesta   |c Syed Mahadzir 
260 |a Selangor :   |b PCT Sdn.Bhd. ,   |c 2004 
440 |a Siri maklumat intelektual 
650 0 |a Historic building   |x Malaysia 
650 0 |a Historic sites   |x Malaysia 
650 0 |a Malaysia   |x History 
650 0 |a Parks   |x Malaysia 
650 0 |a Recreatoin area   |x Malaysia 
710 1 |a Series 
710 1 |a Title 
999 |a 0000014605   |b Book   |c Children Collection   |e Cawangan Taman Universiti 
999 |a 0000876004   |b Book   |c Adult Collection   |e Cawangan Mersing 
999 |a 0000910229   |b Book   |c Adult Collection   |e Cawangan Bandar Tenggara 
999 |a 0000924073   |b Book   |c Adult Collection   |e Cawangan Bukit Gambir 
999 |a 0000928602   |b Book   |c Adult Collection   |e Cawangan Tangkak 
999 |a 0000928603   |b Book   |c Adult Collection   |e Cawangan Tangkak 
999 |a 0000928604   |b Book   |c Adult Collection   |e Cawangan Tangkak 
999 |a 0001010499   |b Book   |c Adult Collection   |e Perbadanan Perpustakaan Awam Johor 
999 |a 0001010500   |b Book   |c Adult Collection   |e Cawangan Urban Transformation Centre 
999 |a 0001010502   |b Book   |c Adult Collection   |e Cawangan Urban Transformation Centre 
999 |a 0001010503   |b Book   |c Adult Collection   |e Perbadanan Perpustakaan Awam Johor